MARC

Tag First Indicator Second Indicator Subfields
LEADER 00000cam a2200000 a 4500
001 in00001633521
005 20211202194257.0
006 m d f
007 cr cn-
008 010327s2000 dcu sb f000 0 eng c
035 |a (OCoLC)ocm46603135 
040 |a VVJ  |c VVJ  |d GPO  |d DLC  |d MvI  |d UtOrBLW 
042 |a pcc 
043 |a n-us-ny 
049 |a WWW 
074 |a 0288-A (online) 
086 0 |a CR 1.2:2001038666 
110 2 |a United States Commission on Civil Rights. 
245 1 0 |a Police practices and civil rights in New York City. 
264 1 |a [Washington, D.C.] :  |b [U.S. Commission on Civil Rights],  |c [2000] 
336 |a text  |b txt  |2 rdacontent 
337 |a computer  |b c  |2 rdamedia 
338 |a online resource  |b cr  |2 rdacarrier 
516 |a Electronic text document in HTML. 
538 |a Mode of access: Internet from the USCCR web site. Address as of 7/11/01: http://www.usccr.gov/nypolprc/main.htm; current access is available via PURL. 
500 |a Title from title screen. 
500 |a "August 2000." 
500 |a Electronic version lacks figures found in Appendix B and Appendix D: Executive summary of the NYPD response to the draft "Police practices and civil rights in New York City." 
504 |a Includes bibliographical references. 
580 |a NYPD response to the draft report of the United States Commission on Civil Rights- Police practices and civil rights in New York City is available on the Web at the NYPD web site. 
500 |a Electronic resource. 
610 1 0 |a New York (N.Y.).  |b Police Department. 
610 2 0 |a New York City Police Department Civilian Complaints Review Board. 
650 0 |a Police administration  |z New York (State)  |z New York  |x Evaluation. 
650 0 |a Police-community relations  |z New York (State)  |z New York. 
650 0 |a Police internal investigation  |z New York (State)  |z New York  |x Evaluation. 
650 0 |a Civilian review boards (Police administration)  |z New York (State)  |z New York  |x Evaluation. 
650 0 |a Discrimination in law enforcement  |z New York (State)  |z New York. 
650 0 |a Civil rights  |z New York (State)  |z New York. 
856 4 0 |u https://purl.fdlp.gov/GPO/LPS13167  |t 0 
999 |a MARS 
999 f f |s 6df169a6-532b-3486-be5f-b40900c37ee9  |i 7f23c7e3-535b-3b5d-a9d2-c954e0f973bb  |t 0 
952 f f |a Texas A&M University  |b College Station  |c Electronic Resources  |d Available Online  |t 0  |e CR 1.2:2001038666  |h Superintendent of Documents classification 
998 f f |a CR 1.2:2001038666  |t 0  |l Available Online